000 00264nam a2200097 a 4500
005 20201002031305.0
008 130412s2012 000 spa d
245 3 _aLa más extraordinaria historia jámas contada.
260 _aSanto Domingo,
_c2012.
999 _c38030
_d38030
040 _aDO-SdBNP